| 000 | 00404nam a2200133Ia 4500 | ||
|---|---|---|---|
| 008 | 170221s9999 xx 000 0 und d | ||
| 100 | _aSaunders, Kurt M. | ||
| 245 | _aCan You Ever Disclaim an Express Warranty? | ||
| 245 | _cKurt M. Saunders | ||
| 260 | _c2012 | ||
| 300 | _a32 : 7 | ||
| 650 | _xBusiness | ||
| 856 | _uhttp://digitalcommons.pepperdine.edu/cgi/viewcontent.cgi?article=1137&context=jbel | ||
| 999 |
_c311279 _d311279 |
||